| 000 | 00764cam a2200265 a 4500 | ||
|---|---|---|---|
| 001 | 89609 | ||
| 003 | GBCCL | ||
| 005 | 20241126110412.0 | ||
| 008 | 761230s1975 txu 000 0 eng d | ||
| 010 | _a75024829 | ||
| 020 | _a0876804393 | ||
| 035 | _a(OCoLC)ocm02653629 | ||
| 040 |
_aBSC _cBSC _dTMS _dOCL |
||
| 049 | _aLBBK | ||
| 082 |
_a226.307 _bOGI |
||
| 090 |
_aBS2385.3 _b.O35 |
||
| 092 |
_a226.307 _bO34(Sb(B |
||
| 100 | 1 |
_aOgilvie, Lloyd John. _9551 |
|
| 245 | 1 | 0 |
_aLife without limits : _bthe message of Mark's Gospel / _cLloyd J. Ogilvie. |
| 260 |
_aWaco, Tex. : _bWord Books, _cc1975. |
||
| 300 |
_a290 p. ; _c23 cm. |
||
| 630 | 0 | 0 |
_aBible. _pN.T. _pMark _vCommentaries. _93987 |
| 650 | 0 |
_aChristian life _xPresbyterian authors. _9552 |
|
| 942 |
_2ddc _cBK _02 |
||
| 999 |
_c1919 _d1919 |
||